〈カービィのエアライダー〉実装キャラクター - Statistics

General Stats
  • This quiz has been taken 74 times
  • The average score is 15 of 20
Answer Stats
ライダー % Correct
カービィ
100%
デデデ大王
98%
メタナイト
96%
ワドルディ
94%
マホロア
82%
コックカワサキ
80%
バンダナワドルディ
78%
リック
76%
スージー
73%
マルク
71%
タランザ
69%
ドロッチェ
67%
ワドルドゥ
65%
グーイ
65%
ナックルジョー
63%
スターマン
63%
スカーフィ
57%
ロッキー
53%
ロロロ&ラララ
53%
キャピィ
51%
No matching quizzes found
Score Distribution
Percent of People with Each Score
Percentile by Number Answered
Your Score History
You have not taken this quiz